header

The anthrax vaccine (Record no. 176826)

MARC details
000 -LEADER
fixed length control field 01219nam a22002774a 4500
082 04 - DEWEY DECIMAL CLASSIFICATION NUMBER
Classification number 614.5/61
245 04 - TITLE STATEMENT
Title The anthrax vaccine
260 ## - PUBLICATION, DISTRIBUTION, ETC. (IMPRINT)
Place of publication Washington, D.C. :
Name of publisher National Academy Press,
Year of publication c2002.
300 ## - PHYSICAL DESCRIPTION
Number of Pages xxi, 265 p. :
Other physical details ill.
650 #0 - SUBJECT ADDED ENTRY--TOPICAL TERM
Topical Term Anthrax
856 40 - ELECTRONIC LOCATION AND ACCESS
Uniform Resource Identifier http://site.ebrary.com/lib/rucke/Doc?id=10032410

No items available.

© 2026 Rongo University
Contact us: librarian | system librarian | Rongo university